000 00593nam a22001937a 4500
005 20150907143830.0
010 _aENG-113465
020 _c400.00
_a9788170545064
035 _aEN-96997
037 _bDBAD/PUB
082 _a301.153
100 _aAjay Ranjan Prasad
245 _aMahatma Gandhi as a humanist /
_cby Ajay Ranjan Prasad
260 _aNew Delhi
_bClassical Publishing
_c2011
270 _a28, Shopping Centre, Karampura
_bNew Delhi
_e110056
300 _a143p.
_c22cm(Hb)
500 _aIncludes bibliographical references
942 _2ddc
_cEN
_mAJA
_h301.153
999 _c94894
_d94894